Índice biográfico (Record no. 81921)

MARC details
000 -LEADER
campo de control de longitud fija 00676nam a2200193 i 4500
001 - NÚMERO DE CONTROL
campo de control 81921
003 - IDENTIFICADOR DE NÚMERO DE CONTROL
campo de control ES-MaACL
005 - FECHA Y HORA DE LA ÚLTIMA TRANSACCIÓN
campo de control 20230906174533.0
007 - CAMPO FIJO DE DESCRIPCIÓN FÍSICA--INFORMACIÓN GENERAL
campo de control de longitud fija t|
008 - DATOS DE LONGITUD FIJA--INFORMACIÓN GENERAL
campo de control de longitud fija 041108m19821983pr ||||1| spa d
080 ## - NÚMERO DE LA CLASIFICACIÓN DECIMAL UNIVERSAL
Número de la Clasificación Decimal Universal 929(729.5)(083.8)
110 2# - ENTRADA PRINCIPAL--NOMBRE DE ENTIDAD CORPORATIVA
Nombre de entidad corporativa o nombre de jurisdicción como elemento de entrada Academia Interamericana de Puerto Rico.
9 (RLIN) 155144
245 10 - MENCIÓN DEL TÍTULO
Título Índice biográfico
Resto del título : breves apuntes para un diccionario de puertorriqueños distinguidos : (versión preliminar).
260 ## - PUBLICACIÓN, DISTRIBUCIÓN, ETC.
Lugar de publicación, distribución, etc. [San Juan, Puerto Rico] :
Nombre del editor, distribuidor, etc. Academia Interamericana de Puerto Rico,
Fecha de publicación, distribución, etc. 1982-1983.
300 ## - DESCRIPCIÓN FÍSICA
Extensión 101 p. ;
Dimensiones 29 cm.
500 ## - NOTA GENERAL
Nota general Ejemp. fotocopiado.
650 04 - PUNTO DE ACCESO ADICIONAL DE MATERIA--TÉRMINO DE MATERIA
Término de materia o nombre geográfico como elemento de entrada Puertorriqueños-
Subdivisión general Biografías.
9 (RLIN) 16618
852 ## - LOCALIZACIÓN
Ubicación ES-MaACL
Número de control de estantería L-6097
Holdings
Estatus retirado Estado de pérdida Estado de daño No para préstamo Colección Biblioteca de origen Biblioteca actual Ubicación en estantería Fecha de adquisición Fuente de adquisición Total de préstamos Signatura topográfica completa Código de barras Visto por última vez Precio de reemplazo Tipo de ítem Koha
        Colección de referencia Biblioteca del Ateneo de Madrid Biblioteca del Ateneo de Madrid Depósito 2 17/01/2008     L-6097 1085625 23/02/2023 23/02/2023 Libro impreso